Sermones abreviados para todas las dominicas del año de S. Alfonso M. de Ligorio.

Detalles Bibliográficos
Formato: Libro
Publicado: París 1849
Edición:3a. ed.
Materias:
Colección:Banco de datos
Acervo:Biblioteca del Convento de San Pablo. Yuririahupándaro. Guanajuato
Descripción Física:t. II
Tema general:Homilética
Notas:Buena. Ex libris manuscrito de Rafael Zamudio. 2G3, 23.
LEADER 00711nam a22002050004500
035 |a 36035 
036 |a 1676 
245 1 0 |a Sermones abreviados para todas las dominicas del año de S. Alfonso M. de Ligorio. 
250 |a 3a. ed. 
260 |a París  |b Arbieu imp.  |c 1849 
300 |a t. II 
500 |a Buena. Ex libris manuscrito de Rafael Zamudio. 2G3, 23. 
650 1 0 |a Homilética 
949 |a CRG-CY 
959 |a Ex convento de San Pablo, Museo Regional de Yuririahpúndaro, Guanajuato  |b CCC9 
960 |a Convento San Pablo Yuririahpúndaro, Guanajuato  |b DD86 
961 |a Agustina  |b OA 
942 |c CRG-CY 
943 |g Biblioteca del Convento de San Pablo. Yuririahupándaro. Guanajuato 
999 |c 956701  |d 956701